| 000 | 00379nam a2200157Ia 4500 | ||
|---|---|---|---|
| 008 | 230312s9999||||xx |||||||||||||| ||und|| | ||
| 020 | _a81-317-2419-4 | ||
| 082 |
_a658.3124 _bBLA-E |
||
| 100 | _aBlanchard,P.Nick | ||
| 245 | 0 | _aEffective Training | |
| 260 |
_bPEARSONS _aIndia _c2009 |
||
| 300 | _a486 | ||
| 546 | _aEng. | ||
| 650 |
_aAviation _vEffective Training |
||
| 942 | _cBK | ||
| 999 |
_c5884 _d5884 |
||